| 000 | 005410000a22001810004500 | ||
|---|---|---|---|
| 090 | _aSERIADAS | ||
| 245 | 1 | 0 | _aContribución al conocimiento de Verres Kaup, 1871 (Coleoptera: Passalidae) de Colombia |
| 653 | _eStrengeriana maniformis | ||
| 690 |
_aInsectos _992622 |
||
| 690 |
_aColeópteros _97857 |
||
| 690 |
_aTaxonomía _992343 |
||
| 041 | 0 | _aEspañol | |
| 044 | _aColombia | ||
| 700 | 1 |
_aReyes Castillo, Pedro _992314 |
|
| 100 | 1 |
_aAmat García, Germán _95379 |
|
| 942 | _cARTICULO | ||
| 773 | 1 |
_tCaldasia _mJun _h1 _q133-141 _d2007 _g29 |
|
| 999 |
_c16298 _d16298 |
||